00611nam a2200181 4500001000700000003000900007005001700016007000300033008004100036100003500077245005800112250002400170260003400194300004000228852002100268999001900289952012100308148406ES-MaACL20230906202619.0t|070214s1915 sp r ||||1| spa d1 aStratz, Karl Heinrich.910839013aLa figura humana en el Arte / cKarl Heinrich Stratz. a1ª ed. española. aBarcelona : bSalvat, c1915. aXII, 358 p. : bil. ; c25 x 17 cm. aES-MaACLjF-2127 c148406d148406 00104070aATENEOMbATENEOMcDEPO2d2008-01-17eSCl0oF-2127p1154877r2023-02-23 00:00:00w2023-02-23yMONOGRAFIA